000 00323nam a2200121Ia 4500
005 20251222154428.0
008 251222s9999||||xx |||||||||||||| ||spa||
020 _a978-84-8363-212-3
082 _a627.04/A78
100 _a"Arviza Valverde, JaimeBalbastre Peralta, Iban"
245 0 _aProblemas de hidrĂ¡ulica
942 _cLIB
999 _c36309
_d36309